[Event "Belgrade Trophy 26th"]
[Site "Belgrade"]
[Date "2012.11.29"]
[Round "6"]
[White "Delibasic, Gavrilo"]
[Black "Savic, Miomir"]
[Result "0-1"]
[WhiteElo "2063"]
[BlackElo "2216"]
[PlyCount "88"]
[EventDate "2012.11.24"]
[EventType "swiss"]
[EventRounds "9"]
[EventCountry "SRB"]
[SourceTitle "CBM 151 Extra"]
[Source "ChessBase"]
[SourceDate "2012.12.18"]
[SourceVersion "1"]
[SourceVersionDate "2012.12.18"]
[SourceQuality "1"]

1. Nf3 c5 2. c4 Nf6 3. g3 g6 4. Bg2 Bg7 5. Nc3 0-0 6. e4 Nc6 7. 0-0 d6 8. h3 Rb8 9. d3 a6 10. a4 h6 11. Be3 e5 12. Nd5 b5 13. Nxf6+ Qxf6 14. axb5 axb5 15. b3 Qe7 16. Ra2 Kh7 17. Kh2 bxc4 18. bxc4 Qb7 19. Nd2 Nb4 20. Rb2 Qc7 21. Nb1 f5 22. f3 f4 23. Bf2 fxg3+ 24. Bxg3 g5 25. Nc3 Bd7 26. Be1 Ra8 27. Rg1 Ra3 28. Bf1 Qa7 29. Rbg2 Rf7 30. Bd2 Ra1 31. Qe2 Rf4 32. Bxf4 exf4 33. Nd5 Be5 34. h4 g4 35. Nxb4 g3+ 36. Kh1 cxb4 37. Qd2 b3 38. d4 Qxd4 39. Bd3 Bh3 40. Bb1 Bxg2+ 41. Qxg2 Qxc4 42. Qh3 Qf7 43. Rd1 Ra2 44. Kg1 Qa7+ 0-1

[Event "Belgrade-chT"]
[Site "Belgrade"]
[Date "2012.10.09"]
[Round "8.2"]
[White "Delibasic, Gavrilo"]
[Black "Biocanin, Goran"]
[Result "1-0"]
[WhiteElo "2051"]
[BlackElo "2293"]
[PlyCount "73"]
[EventDate "2012.10.01"]
[EventType "team-tourn"]
[EventRounds "11"]
[EventCountry "SRB"]
[SourceTitle "CBM 150 Extra"]
[Source "ChessBase"]
[SourceDate "2012.10.19"]
[SourceVersion "1"]
[SourceVersionDate "2012.10.19"]
[SourceQuality "1"]
[WhiteTeam "Belgrade Cukaricki"]
[BlackTeam "Belgrade Post Stedionica"]
[WhiteTeamCountry "SRB"]
[BlackTeamCountry "SRB"]

1. Nf3 c5 2. e4 Nc6 3. Be2 g6 4. 0-0 Bg7 5. c3 e5 6. d3 Nge7 7. Be3 d6 8. Qc1 h6 9. Rd1 f5 10. g3 g5 11. d4 fxe4 12. Ne1 cxd4 13. Bh5+ Kd7 14. Bd2 Kc7 15. b4 a6 16. a4 Bh3 17. Na3 Kb8 18. c4 Rf8 19. Ng2 d3 20. Re1 Nd4 21. Rb1 g4 22. Rxe4 Rf5 23. Rxd4 exd4 24. Nf4 Be5 25. Nxh3 Rxh5 26. Nf4 Rf5 27. Nxd3 Rf3 28. Ne1 Rf5 29. Nd3 Ka7 30. b5 Rb8 31. c5 dxc5 32. Nxe5 Rxe5 33. Bf4 Rd5 34. bxa6 Kxa6 35. Qf1+ b5 36. Nxb5 Ka5 37. Bd2+ 1-0

[Event "Belgrade-chT Quality"]
[Site "Belgrade"]
[Date "2011.10.31"]
[Round "7"]
[White "Dinic, Goran"]
[Black "Delibasic, Gavrilo"]
[Result "1-0"]
[WhiteElo "2238"]
[BlackElo "2066"]
[PlyCount "45"]
[EventDate "2011.10.15"]
[EventType "team-swiss"]
[EventRounds "11"]
[EventCountry "SRB"]
[SourceTitle "EXT 2012"]
[Source "ChessBase"]
[SourceDate "2011.11.24"]
[SourceVersion "1"]
[SourceVersionDate "2011.11.24"]
[SourceQuality "1"]

1. Nf3 c5 2. c4 Nf6 3. Nc3 g6 4. d4 cxd4 5. Nxd4 Bg7 6. e4 0-0 7. Be2 Nc6 8. Nc2 d6 9. Be3 Ne5 10. f3 Be6 11. b3 h5 12. 0-0 b6 13. Qd2 Kh7 14. Kh1 Rh8 15. Rad1 Qd7 16. f4 Neg4 17. f5 gxf5 18. exf5 Kg8 19. fxe6 Qxe6 20. Bf4 Bh6 21. Bf3 Rc8 22. Nd5 Nd7 23. Nd4 1-0

[Event "Belgrade tt Cup"]
[Site "Belgrade"]
[Date "2011.04.16"]
[Round "4"]
[White "Tomic, Kosta"]
[Black "Delibasic, Gavrilo"]
[Result "1-0"]
[WhiteElo "2069"]
[BlackElo "2110"]
[PlyCount "81"]
[EventDate "2011.04.13"]
[EventType "team-tourn"]
[EventRounds "5"]
[EventCountry "SRB"]
[SourceTitle "CBM 141 Extra"]
[Source "ChessBase"]
[SourceDate "2011.05.03"]
[SourceVersion "1"]
[SourceVersionDate "2011.05.03"]
[SourceQuality "1"]

1. e4 c5 2. Nf3 d6 3. d4 cxd4 4. Nxd4 a6 5. Be2 Nf6 6. Nc3 e6 7. 0-0 Be7 8. Kh1 0-0 9. f4 Qc7 10. Be3 b5 11. a3 Bb7 12. Bf3 Nbd7 13. Qe1 Nc5 14. Bg1 d5 15. exd5 Nxd5 16. Nxd5 exd5 17. Nf5 Ne4 18. Bd4 f6 19. c3 Rf7 20. Rd1 Bf8 21. Qh4 a5 22. Rd3 Ra6 23. Be2 Qc8 24. Bg4 Qc4 25. Be2 Qb3 26. Rh3 g6 27. c4 Qa4 28. b3 Qxa3 29. cxb5 Ra8 30. Nh6+ Bxh6 31. Qxh6 Qb4 32. Rd1 Rc8 33. f5 Rg7 34. fxg6 hxg6 35. Bg4 Re8 36. Qh4 Ree7 37. Qh8+ Kf7 38. Rh7 Rxh7 39. Qxh7+ Kf8 40. Qxg6 Rg7 41. Qh6 1-0

[Event "SRB-chT quality"]
[Site "Belgrade"]
[Date "2010.10.27"]
[Round "7"]
[White "Zivanovic, Goran"]
[Black "Delibasic, Gavrilo"]
[Result "1-0"]
[WhiteElo "2234"]
[BlackElo "2108"]
[PlyCount "31"]
[EventDate "2010.10.09"]
[EventType "team-tourn"]
[EventRounds "11"]
[EventCountry "YUG"]
[SourceTitle "EXT 2011"]
[Source "ChessBase"]
[SourceDate "2010.11.26"]
[SourceVersion "1"]
[SourceVersionDate "2010.11.26"]
[SourceQuality "1"]

1. e4 d6 2. d4 Nf6 3. Nc3 g6 4. h3 c6 5. g4 Bg7 6. Bg2 e6 7. Be3 b5 8. e5 Nd5 9. Nxd5 cxd5 10. exd6 Qxd6 11. c3 Nc6 12. Nf3 b4 13. c4 dxc4 14. Ne5 Bxe5 15. dxe5 Qb8 16. Bxc6+ 1-0

[Event "Novi Sad op"]
[Site "Novi Sad"]
[Date "1988.??.??"]
[Round "2"]
[White "Delibasic, Gavrilo"]
[Black "Machulsky, Anatoly D"]
[Result "0-1"]
[WhiteElo "2300"]
[BlackElo "2415"]
[PlyCount "44"]
[EventDate "1988.07.01"]
[EventType "swiss"]
[EventRounds "11"]
[EventCountry "YUG"]
[SourceTitle "EXT 1997"]
[Source "ChessBase"]
[SourceDate "1996.11.15"]
[SourceVersion "1"]
[SourceVersionDate "1996.11.15"]
[SourceQuality "1"]

1. e4 c5 2. Nc3 d6 3. Nf3 Nf6 4. d4 cxd4 5. Nxd4 a6 6. Bg5 e6 7. Qd2 b5 8. Bd3 Be7 9. f4 Bb7 10. Qe2 h6 11. Bh4 Nxe4 12. Bxe7 Nxc3 13. bxc3 Qxe7 14. 0-0 Nd7 15. Be4 Bxe4 16. Qxe4 0-0 17. f5 Nf6 18. Qh4 e5 19. Nf3 Rac8 20. g4 Rxc3 21. g5 hxg5 22. Nxg5 Rc4 0-1